BIBLIOTECA

SENCICO

Informe técnico (Registro nro. 3358)

Detalles MARC
000 -LEADER
fixed length control field 00791nam a2200241Ia 4500
005 - DATE AND TIME OF LATEST TRANSACTION
control field 20251020182611.0
008 - FIXED-LENGTH DATA ELEMENTS--GENERAL INFORMATION
fixed length control field 200515s9999 xx 000 0 und d
082 ## - DEWEY DECIMAL CLASSIFICATION NUMBER
Classification number SC/666.947/M36
100 ## - MAIN ENTRY--PERSONAL NAME
Personal name MEDINA ABANTO, Juan Alberto
245 #0 - TITLE STATEMENT
Title Informe técnico
260 ## - PUBLICATION, DISTRIBUTION, ETC.
Place of publication, distribution, etc. Lima
260 ## - PUBLICATION, DISTRIBUTION, ETC.
Date of publication, distribution, etc. 1998
300 ## - PHYSICAL DESCRIPTION
Extent 46
520 ## - SUMMARY, ETC.
Summary, etc. Los temas tratados son algunos de los ensayos que se llevan a cabo en el transcurso de la enseñanza en la carrera Técnica en Mecánica de Suelo, Concreto y Asfalto. Los ensayos descritos se han trabajado en forma teórica práctica, conjuntamente con las nor
650 ## - SUBJECT ADDED ENTRY--TOPICAL TERM
Topical term or geographic name entry element AGREGADOS
650 ## - SUBJECT ADDED ENTRY--TOPICAL TERM
Topical term or geographic name entry element CONCRETO
650 ## - SUBJECT ADDED ENTRY--TOPICAL TERM
Topical term or geographic name entry element GRANULOMETRIA
650 ## - SUBJECT ADDED ENTRY--TOPICAL TERM
Topical term or geographic name entry element LABORATORIO DE SUELOS
650 ## - SUBJECT ADDED ENTRY--TOPICAL TERM
Topical term or geographic name entry element LIB
650 ## - SUBJECT ADDED ENTRY--TOPICAL TERM
Topical term or geographic name entry element M-SENC
650 ## - SUBJECT ADDED ENTRY--TOPICAL TERM
Topical term or geographic name entry element PUB SENCICO
942 ## - ADDED ENTRY ELEMENTS (KOHA)
Koha item type Libros
Existencias
Fecha de la última vez que lo usaron Pago total Signatura topográfica completa Código de barras Precio efectivo desde Tipo de documento Estado perdido Estado dañado No es para préstamo Retirado Ubicación permanente Ubicación actual Fecha de adquisición
15/05/2020   SC/666.947/M36 Bib-Lima15053358 15/05/2020 Libros         Biblioteca Central Lima Biblioteca Central Lima 15/05/2020